Vista normal
Vista MARC
Entrada Personal Name
Número de registros utilizados en: 2
001 - CONTROL NUMBER
- control field: 7074
003 - CONTROL NUMBER IDENTIFIER
- control field: OSt
005 - DATE AND TIME OF LATEST TRANSACTION
- control field: 20200711223708.0
008 - FIXED-LENGTH DATA ELEMENTS
- fixed length control field: 200711|| aca||aabn | a|a d
040 ## - CATALOGING SOURCE
- Original cataloging agency: OSt
- Transcribing agency: OSt
100 ## - HEADING--PERSONAL NAME
- Personal name: Cardona Jaramillo, Juliana Erika Cristina
670 ## - SOURCE DATA FOUND
- Source citation: Work cat.: (OSt)3894: Carrillo Bautista, Marcela Piedad, autor 7069, Los ingredientes naturales de la Amazonia colombiana : , ©2017